Goldberger's Clinical Electrocardiography (Record no. 249314)

MARC details
000 -LEADER
fixed length control field 00496nam a22001697a 4500
008 - FIXED-LENGTH DATA ELEMENTS--GENERAL INFORMATION
fixed length control field 250519b |||||||| |||| 00| 0 eng d
020 ## - INTERNATIONAL STANDARD BOOK NUMBER
International Standard Book Number 9788131249116
082 ## - DEWEY DECIMAL CLASSIFICATION NUMBER
Classification number 616.1207
100 ## - MAIN ENTRY--PERSONAL NAME
Personal name Goldberger, Ary L
245 ## - TITLE STATEMENT
Title Goldberger's Clinical Electrocardiography
Remainder of title A Simplified Approach
Statement of responsibility, etc Ary L Goldberger; Zachary D Goldberger; Alexei Shvikin
250 ## - EDITION STATEMENT
Edition statement 1st
260 ## - PUBLICATION, DISTRIBUTION, ETC. (IMPRINT)
Place of publication, distribution, etc New Delhi
Name of publisher, distributor, etc Elsevier
Date of publication, distribution, etc 2020
650 #0 - SUBJECT ADDED ENTRY--TOPICAL TERM
Topical term or geographic name as entry element Physiotherapy
942 ## - ADDED ENTRY ELEMENTS (KOHA)
Item type Books

No items available.

Visitors:
Copyright © 2024 Central Library NICHE.  All rights reserved.